000
00321nam a22001337a 4500
008
180920b xxu||||| |||| 00| 0 eng d
020
_a
9781452243092
041
_a
eng
080
_2
3 ED
_a
338
100
_a
54
101
_a
MAN
245
_a
Nonprofit Mnagemm Principles And Practice
_c
Worth.M.J
942
_2
udc
_c
BK
999
_c
48132
_d
48132